|
|
|
|
| LEADER |
00000cam a2200000 7i4500 |
| 001 |
0000003526 |
| 005 |
20230731.0 |
| 008 |
991204 my may |
| 020 |
|
|
|a 9835200149 (pbk)
|
| 040 |
|
|
|a INS
|
| 090 |
0 |
0 |
|a TH425
|b .K2957 1994
|
| 100 |
1 |
|
|a Kelly, John
|
| 245 |
1 |
0 |
|a Kajian Pengurusan Nilai Dan Praktis Ukur Bahan
|c John Kelly and Stephen Male
|f terjemahan oleh Hasnan Abdullah
|
| 260 |
|
|
|a Skudai :
|b UTM ,
|c c1994
|
| 300 |
|
|
|a xx, 52 p. :
|b ill. ;
|c 23 cm.
|
| 650 |
|
0 |
|a Building
|x Estimates
|x Valuation
|
| 650 |
|
0 |
|a Management
|
| 650 |
|
0 |
|a Quantity surveyors
|
| 650 |
|
0 |
|a Value analysis (Cost control)
|
| 700 |
0 |
|
|a Hasnan Abdullah
|
| 700 |
1 |
|
|a Male, Stephen
|
| 999 |
|
|
|a 0000006765
|b BOOK
|c Open Shelf
|e Default branch
|
| 999 |
|
|
|a 0000016105
|b BOOK
|c Open Shelf
|e Default branch
|
| 999 |
|
|
|a 0000016106
|b BOOK
|c Open Shelf
|e Default branch
|
| 999 |
|
|
|a 0000016107
|b BOOK
|c Open Shelf
|e Default branch
|
| 999 |
|
|
|a 0000016108
|b BOOK
|c Open Shelf
|e Default branch
|
| 999 |
|
|
|a 0000016109
|b BOOK
|c Open Shelf
|e Default branch
|
| 999 |
|
|
|a 0000016359
|b BOOK
|c Open Shelf
|e Default branch
|
| 999 |
|
|
|a 0000016360
|b BOOK
|c Open Shelf
|e Default branch
|